000 00459nam a2200121Ia 4500
008 220621s9999||||xx |||||||||||||| ||und||
245 0 _aState's Responsibility for International Crimes
_bReflections upon the Rosenburg Exhibition
546 _aEnglish[eng]
650 _aHistory||Europe||Germany
700 _aBainczyk, Magdalena||Kubiak-Cyrul, Agnieszka
856 _uhttps://library.oapen.org/bitstream/20.500.12657/50603/1/external_content.pdf
942 _cEB
999 _c37503
_d37503